The Candelaria Massacre how Wagner dos Santos survived the street children's killing that shook Brazil
Saved in:
| Main Author: | |
|---|---|
| Format: | Book |
| Language: | English |
| Published: |
London
Vision
2008.
|
| Subjects: | |
| Tags: |
Add Tag
No Tags, Be the first to tag this record!
|
| Call Number : | HV8185.R5 R63 2008 |
MARC
| LEADER | 00000nam a2200000 a 4500 | ||
|---|---|---|---|
| 001 | 99934 | ||
| 003 | MY-KLNDU | ||
| 005 | 20241220025308.0 | ||
| 008 | 140318e2008 xxk b 000 0 eng d | ||
| 010 | |a 2009-293150 | ||
| 020 | |a 9781905745265 (pbk.) | ||
| 020 | |a 1905745265 (pbk.) | ||
| 039 | 9 | |a 201504100920 |b aida |c 201406181447 |d johari |y 201403181628 |z syarifuddin | |
| 040 | |a UPNM | ||
| 090 | |a HV8185.R5 |b R63 2008 | ||
| 100 | 1 | |a Rochester, Julia. | |
| 245 | 1 | 4 | |a The Candelaria Massacre |b how Wagner dos Santos survived the street children's killing that shook Brazil |c Julia Rochester. |
| 260 | |a London |b Vision |c 2008. | ||
| 300 | |a xi, 244 p. |c 22 cm. | ||
| 504 | |a Includes bibliographical references (p. 240-241). | ||
| 505 | |a 23 July 1993 -- Part I : it happened -- The new democracy -- Wagner dos Santos -- Real life -- Come-gato/ruço -- Taking over Candeĺaria -- Birthday party -- Part II : investigations -- Identification parades -- Hospitals and funerals -- Whispers and rumours -- Vigário geral -- Refuge in Bahia -- The rio comprido link -- 'O corpo fechado' - 'A closed body' -- Part II : testimony -- Secret investigations -- Second time around -- Running and hiding -- Back on the case -- The move to Geneva -- Nelson Cunha -- New suspects -- Sonia -- The trial -- Part IV : exile -- Understanding the past -- No return -- Doubts and certainties -- March 2007 -- 22 July 1993 -- This Rio de Janeiro. | ||
| 592 | |a 00005529/14 |b 16/04/2014 |c RM 10.00 |h Areesh | ||
| 600 | 1 | 0 | |a Santos, Wagner dos. |
| 650 | 0 | |a Police brutality |z Brazil |z Rio de Janeiro. | |
| 650 | 0 | |a Massacres |z Brazil |z Rio de Janeiro. | |
| 650 | 0 | |a Demonstrations |z Brazil |z Rio de Janeiro. | |
| 650 | 0 | |a Street children |x Crimes against |z Brazil |z Rio de Janeiro. | |
| 651 | 0 | |a Rio de Janeiro (Brazil) |x Social life and customs. | |
| 999 | |a vtls000051820 |c 99934 |d 99934 | ||


